| 000 | 00724nam a22002177a 4500 | ||
|---|---|---|---|
| 999 |
_c6952 _d6952 |
||
| 001 | 8462 | ||
| 003 | BD-DhUAP | ||
| 005 | 20210111125725.0 | ||
| 008 | 210111r19951992ii a 001 0 eng | ||
| 020 | _a0074600400 | ||
| 040 |
_aBD-DhUAP _cBD-DhUAP _dBD-DhUAP _bEng |
||
| 082 | 0 | 0 |
_223 _a621.3815 BAP |
| 100 | _aBapat, Y. N. | ||
| 245 |
_aElectronic circuits and systems : _banalog and digital / _cY. N. Bapat. |
||
| 260 |
_aNew Delhi : _bTata McGraw-Hill, _cc1992 [Reprinted 1995]. |
||
| 300 |
_aviii, 448 pages : _billustrations ; _c23 cm. |
||
| 504 | _aIncludes bibliographical references and index. | ||
| 650 |
_aIntegrated circuits _vVery large scale integration. |
||
| 650 | _aDigital electronics. | ||
| 942 |
_2ddc _cBK |
||